000 01813cam a22004934i 4500
003 PE-LiUPU
005 20250731180113.0
008 150623s1974 ck a r 000 0 sp d
035 _a(Sirsi) a24171
040 _aPE-LiUPU
_bspa
_cPE-LiUPU
_erda
082 0 4 _a515.723
_bS75
_221
100 1 _aSpiegel, Murray R.,
_eautor.
245 1 0 _aTeoría y problemas de transformadas de Laplace /
_cMurray R. Spiegel.
264 1 _aCali, Colombia :
_bTalleres Gráficos de Carvajal,
_c1974.
300 _a261 páginas :
_bilustraciones, gráficos, cuadros ;
_c27 cm.
336 _atext
_2rdacontent
337 _aunmediated
_2rdamedia
338 _avolume
_2rdacarrier
490 0 _aSerie de Compendios Schaum
505 0 _aTransformadas de Laplace. -Transformada inversa de Laplace. -Aplicaciones a las ecuaciones diferenciales. -Teoria de variable compleja. -Series e integrales de Fourier.- Formula de inversion compleja. -Aplicaciones a los problemas de valor frontera.
526 _aSEG44
526 _aSEG26
526 _aP159
526 _aP155
526 _aP154
526 _aP153
526 _aP150
526 _aP100
526 _aP31
526 _aP30
526 _aP26
526 _aP25
526 _aP24
526 _aP22
526 _aP15
526 _aP10
650 0 4 _aCálculo operacional.
650 0 4 _aTransformaciones de Laplace.
942 _2ddc
_cBOOK
949 _a515.723 S75
_wDEWEY
_c1
_i48437
_lCCODEBUL1
_mBUL
_p00.00
_r0
_sY
_tBOOK
_u2015-06-24
_xINGENIERIA
_zUNKNOWN
_0COMPRA
_o.STAFF. Colección General
596 _a1
999 _a515.723 S75
_wDEWEY
_c27289
_i48437
_d27289
_e2017-6-23
_f2021-11-5
_g7
_lCCODEBUL1
_mBUL
_n2
_p35.00
_r0
_sY
_tBOOK
_u2015-6-24
_xBIBLIOTECA
_zUNKNOWN
_0COMPRA
_o.STAFF. Colección General
980 _81
_gALBERTO SANCHEZ Responsable de Automatización